000 01814cam a22004934 4500
003 PE-LiUPU
005 20250731173405.0
008 2000 miu r 0 0 spa d
020 _a0825414628
035 _a(Sirsi) i9780825414626
035 _a(Sirsi) 45768
035 _a(Sirsi) 45768
041 _aes
044 _aus
082 0 4 _a230.2
_bM12
100 1 _aMcCarthy, James G.
_d1952-,
_eautor.
245 1 0 _aConversaciones con católico :
_bla tradición católica a la luz de la verdad bíblica /
_cJames G. McCarthy.
264 1 _aMichigan :
_bPortavoz,
_c2000.
300 _a168 páginas ;
_c22 centímetros
336 _atext
_2rdacontent
337 _aunmediated
_2rdamedia
338 _avolume
_2rdacarrier
505 0 _aLo que llena sus corazones -- ¿Me está llamando farisea? -- Padre, deme todos los ritos -- Nadie sabe -- Todos mis hijos me abandonan -- Amo a mis padres -- Nunca te irás de la iglesia -- Señor, te pido disculpas de antemano -- ¡No temáis! -
526 _aSEG42
526 _aSEG41
526 _aSEG40
526 _aSEG39
526 _aP94
526 _aP87
526 _aP86
526 _aP85
526 _aP77
526 _aP76
526 _aP35
650 1 4 _aIglesia católica
_xLiteratura controversial
700 1 _aRosso, Dante
_etr.
942 _2ddc
_cBOOK
949 _a230.2 M12
_i63296
_lCCODEBUL1
_mBUL
_tLIBRO
_o.STAFF. Colección General
859 _q63296
_h230.2
_iM12
910 _agl
_bjv
_clch
_d20110817
596 _a1
999 _a230.2 M12
_wDEWEY
_c52298
_i63296
_d52298
_f2021-11-9
_g5
_lCCODEBUL1
_mBUL
_p12.00
_q1
_r0
_sY
_tBOOK
_u2015-7-6
_xTEOLOGIA
_PP35
_0COMPRA
_o.STAFF. Colección Teología
980 _81
_gALBERTO SANCHEZ Responsable de Automatización